header

Colloquium on Virulence and Defense in Host-Pathogen Interactions : (Record no. 33262)

MARC details
000 -LEADER
fixed length control field 02140nam a22003734a 4500
082 04 - DEWEY DECIMAL CLASSIFICATION NUMBER
Classification number 571.9/6
245 10 - TITLE STATEMENT
Title Colloquium on Virulence and Defense in Host-Pathogen Interactions :
260 ## - PUBLICATION, DISTRIBUTION, ETC. (IMPRINT)
Place of publication Washington, D.C. :
Name of publisher National Academy of Sciences,
Year of publication 2001.
300 ## - PHYSICAL DESCRIPTION
Number of Pages p. 8752-8867 :
Other physical details ill. (some col.).
490 1# - SERIES STATEMENT
Series statement National Academy of Sciences colloquium series
500 ## - GENERAL NOTE
General note "Reprinted from the Proceedings of the National Academy of Sciences of America, volume 97, pp. 8752-8862, August 1, 2000, and includes articles from the National Academy of Sciences' Colloquim on Virulence and Defense in Host-Pathogen Interactions: Common Features Between Plants and Animals, held at the Arnold and Mabel Beckman Center in Irvine, California, December 9-11, 1999"--P. [2] of cover.
650 #0 - SUBJECT ADDED ENTRY--TOPICAL TERM
Topical Term Virulence (Microbiology)
Topical Term Host-parasite relationships
Topical Term Immune response
700 1# - ADDED ENTRY--PERSONAL NAME
Personal name Keen, Noel T.,
856 40 - ELECTRONIC LOCATION AND ACCESS
Uniform Resource Identifier http://site.ebrary.com/lib/rucke/Doc?id=10071398

No items available.

© 2026 Rongo University
Contact us: librarian | system librarian | Rongo university